000 00542nam a2200181Ia 4500
008 240729s9999 xx 000 0 und d
022 _a2009-8782
245 0 _aCardiovascular Innovations and Applications
260 _aIreland
260 _bCompuscript Ltd
650 _a Diseases of the circulatory (Cardiovascular) system
650 _a Internal medicine
650 _a Specialties of internal medicine
650 _aMedicine
856 _uhttps://doaj.org/toc/42c3fffb56a04daf9e410dafcdbfe596
942 _2ddc
942 _cDOAJEJ
999 _c69489
_d69489
945 _a1
_bMadushi Gamage
_c1
_dMadushi Gamage